000 00720nam a2200205 i 4500
001 54998
003 ES-MaACL
005 20230906163049.0
007 t|
008 030910s1911 sp ||||1| spa d
100 1 _aDeleito y Piñuela, José,
_d1879-1957
_943365
245 1 3 _aLa tristeza de la literatura contemporánea /
_cJosé Deleito y Piñuela.
260 _aMadrid :
_b[s.n.],
_c1911 (
_fTip. de la Revista de Archivos, Bibliotecas y Museos)
300 _a53 p. ;
_c25 cm.
650 0 4 _aTristeza-
_xEn la literatura.
_917650
852 _aES-MaACL
_jT-1345-F-10
852 _aES-MaACL
_j1875-F-9
_bR.25132
852 _aES-MaACL
_jT-1396-F-6
_z.- Dedicatoria manuscrita del autor
999 _c54998
_d54998